header

Medical progress and social reality (Record no. 107914)

MARC details
000 -LEADER
fixed length control field 01490nam a2200361Ia 4500
082 04 - DEWEY DECIMAL CLASSIFICATION NUMBER
Classification number 809.3/9356
245 00 - TITLE STATEMENT
Title Medical progress and social reality
260 ## - PUBLICATION, DISTRIBUTION, ETC. (IMPRINT)
Place of publication Albany :
Name of publisher State University of New York Press,
Year of publication c2000.
300 ## - PHYSICAL DESCRIPTION
Number of Pages xiv, 314 p.
490 0# - SERIES STATEMENT
Series statement SUNY series, the margins of literature
650 #0 - SUBJECT ADDED ENTRY--TOPICAL TERM
Topical Term Medicine
Topical Term Literature and medicine
Topical Term Medicine in literature
700 1# - ADDED ENTRY--PERSONAL NAME
Personal name Furst, Lilian R.
856 40 - ELECTRONIC LOCATION AND ACCESS
Uniform Resource Identifier http://site.ebrary.com/lib/rucke/Doc?id=10587257

No items available.

© 2026 Rongo University
Contact us: librarian | system librarian | Rongo university